| 000 | 00421 a2200097 4500 | ||
|---|---|---|---|
| 245 | 0 | 0 |
_aIskierniki, ochronniki, odgromniki i bezpieczniki - Symbole graficzne PN-80/E-01218 / _cGłówne Biuro Studiów i Projektów Energetyki ENERGOPROJEKT. |
| 246 | 1 | 3 | _aPN-80/E-01218 |
| 246 | 1 | 3 | _a621.316.933.003.62 |
| 260 |
_aWarszawa : _bGłówne Biuro Studiów i Projektów Energetyki ENERGOPROJEKT, _c1980. |
||
| 300 |
_a2 stron ; _c30 cm. |
||
| 650 | _aPolska norma | ||
| 999 |
_c19803 _d19803 |
||